MDQL
is popping MORE tags! Check the
thread
!
Quizzes
Events
Quiz Creation
Community
Videos
Private Events
Remove Ads
Sign In
Join for FREE
Feedback
Dark Mode
Quiz Categories
Sports
Geography
Music
Movies
Television
Just For Fun
Miscellaneous
History
Literature
Language
Science
Gaming
Entertainment
Religion
Holiday
For Kids
Quiz Lab
Recent
Popular Today
Quiz Kudos Today
Editor Picks
Curator Picks
Quizzes by...
Day
Popularity
Type
Ratings
Length
Year
Community
Subscriptions
Recent Discussions
Orange Saloon
Badges
Playlists
Quests
Create
Leaderboards
Showdown
Live 5
Trivia Bingo
Activity
Puzzle Library
Sporcle Events
Private Events
Virtual Trivia
Globe League
Become a Host
Pub Owners
SporcleCon
Opinionation
Our Games
Videos
Blog
Mobile Apps
Partnerships
Remove Ads and Go Orange
Feedback
Language
Vocabulary
Begins and Ends
Definition
Spanish
French
German
Italian
Chinese
Latin
Translation
Japanese
Language
Vocabulary
Begins and Ends
Definition
Spanish
French
German
Italian
Chinese
Latin
Translation
Japanese
Random Quiz
Search Sporcle
×
Quiz Lab
Quiz Lab
Language
Translation
Type in answers that appear in a list
Type in answers that appear in a list
Classic
Best Score? Go Orange.
Unit 9 New Headway - glósulisti Stats
Can you name the Icelandic translation?
By
Yngimundur
20m
42 Questions
171 Plays
171 Plays
171 Plays
Comments
Comments
Give Quiz Kudos
Give Quiz Kudos
-
- Ratings
hide this ad
Replay
Link that replays current quiz
Next Quiz
Link to next quiz in quiz playlist
You Got
0%
They Got
Avg Score
54%
Avg Friend Score
Upgrade to see
Score Distribution
Jump to the score distribution portion of the page
Score
0/42
Timer
20:00
0
Plays Today
English
Icelandic
% Correct
Trunk
Skott
78.9%
Mob
Múgur
69.6%
Leaping
Stökkvandi
69%
Panic-
stricken
Óttasleginn
68.4%
To sway
Sveiflast
66.7%
Genuine
Ekta
66.7%
Snowdrifts
Skafrenningur
63.2%
Amplifier
Magnari
63.2%
Revolution
Bylting
63.2%
Valves
Ventill
59.6%
Gravity
Þyngdarafl
59.1%
To blot out
Þurrka út
58.5%
Crude
Grófur
58.5%
To overtake
Taka fram úr
57.9%
To blaze
Breiða út
57.3%
Odour
Lykt
56.7%
To beseech
Grátbæna
56.1%
Cockpit
Stjórnklefi
56.1%
Supreme
Æðstur
55.6%
Bow
Stafn
55.6%
Stern
Skutur
55.6%
English
Icelandic
% Correct
Compatriots
Samlandi
55%
To recede
Víkja
54.4%
Realization
Uppgötvun
54.4%
Condensers
Gufuþéttir
53.2%
Hospitable
Gestrisinn
52.6%
To traverse
Fara yfir
51.5%
Slant
Halli
51.5%
To whirl
Snarsnúast
50.3%
Exultation
Fögnuður
49.1%
Spectacular
Stórbrotinn
48.5%
Illuminated
Upplýstur
46.8%
Pungent
Oddhvas
46.8%
Unimpeded
Óhindraður
46.2%
Subjective
Huglægur
46.2%
Rapidly
Snögglega
45.6%
At my disposal
Til minna umráða
43.3%
To swarm
Hópast
43.3%
Decidedly
Ákveðið
42.7%
To account for
Útskýra
38.6%
To deploy
Taka í notkun
38.6%
Distinct
Frábrugðinn
36.3%
Quiz Playlist
Details
Report
Send in Message
Add To Playlist
Classic:
Type in answers that appear in a list
Last Updated: Feb 16, 2017
Quiz Scoreboard
CHALLENGE
Sign Up to Join the Scoreboard
Show All
Scores
Hide
Comments
May contain spoilers
Recently Published
Street Fighter Characters
by Artimus82
Gaming
60s
9x9 Crossword: Cartoon Network
by jackfrog10
Miscellaneous
3m
College Basketball Coaching Resumes
by pancakes188
Sports
9m
More to Explore
Quiz From the Vault
Featured Blog Post
Where Did the Easter Bunny Come From?
hide this ad
You Might Also Like...
Tags
Translation Quiz
English
icelandic
unit
Today's Top Quizzes in Language
Browse Language
hide this ad
Today's Top Quizzes in Translation
Browse Translation
Top Contributed Quizzes in Language
1
1-10 Letter F Words III
2
1-10 Letter G Words III
3
1-10 Letter H Words III
4
Alphabetize! : 'As' words
5
Celtic Nations in their Language
6
1-10 Letter I Words III
7
One Thing in Common: Italy
8
Order Up: Top 10 Most Native Spoken Languages
9
1-10 Letter J Words III
10
Weisst du, aus welchen Sprachen diese Wörter stammen?
Explore More
Trending Topics
Harry Potter
NBA
Marvel
Crossword
Disney
Anime
Kpop
Soccer
Pokémon
NFL
The Office
Country
Song
Puzzle
WWE
hide this ad
More By:
Yngimundur
Quiz
Plays
Rating
Category
Featured
Created
Unit 9 New Headway - glósulisti
171
Language
May 23, 2012
Unit 7 New Headway - glósulisti
146
5.00
Language
May 23, 2012
Unit 10 New Headway - glósulisti
112
Language
May 23, 2012
Unit 8 New Headway - glósulisti
104
Language
May 23, 2012
Unit 11 New Headway - glósulisti
101
Language
May 23, 2012
Go to Creator's Profile
Score Distribution
Quiz Creator Spotlight
Yngimundur
Follow
Send a Message
Quizzes Created
-
Created Quiz Play Count
-
More By This Creator
Popular Quizzes Today
1
Find the US States - No Outlines Minefield
2
Find the Countries of Europe - No Outlines Minefield
3
The Countries of the World
4
Find the US States
5
Risky Map Clicking: Biggest States A-Z
6
US States
7
Popular People in 1961
8
Movies - When Are They Set?
More Language Quizzes
Language Sixes
Published
Trending Quizzes
Risky Map Clicking: Least Populous States A-Z
Countries of the World: 200 Million BC
1-10 Letter G Words
Risky Map Clicking: Next State Alphabetically
Adjectives in 80s TV Shows
Recently Updated
Leaping Animals
pecheneg
Reality TV Shows (A-Z)
bhenderson79
Rickey Henderson's Hall of Fame Teammates
pecheneg
Champions League XIs: Arsenal
pecheneg
Quick Pick: Celebrities in WWE's Hall of Fame
aduchscher
A-Z Keypad Blitz II
pecheneg
Multiple Oscar Actors
pecheneg
Mystery Phrase Blitz: Oscar 'Best Actors'
pecheneg
F. Scott Fitzgerald Novels
LTH
Pick 3 Villains
ddd62291
Trending Topics
Harry Potter
Kpop
Marvel
Anime
Crossword
Disney
NBA
WWE
The Office
Song
Puzzle
NFL
Soccer
Pokémon
Country
Your Account Isn't Verified!
In order to create a playlist on Sporcle, you need to verify the email address you used during registration. Go to your
Sporcle Settings
to finish the process.
Report this User
Report this user for behavior that violates our
Community Guidelines
.
Details:
Send Report
Go to the Sporcle.com Mobile Site →
Comments